书目信息 |
| 题名: |
中国法制史
|
|
| 作者: | 曾宪义 主编 ;郑定 , 赵晓耕 副主编 | |
| 分册: | ||
| 出版信息: | 北京 中国人民大学出版社 2006.12 |
|
| 页数: | 368页 | |
| 开本: | 24cm | |
| 丛书名: | 21世纪法学系列教材 | |
| 单 册: | ||
| 中图分类: | D929 | |
| 科图分类: | ||
| 主题词: | 法制史--中国--高等学校--教材 | |
| 电子资源: | ||
| ISBN: | 978-7-300-07354-5 | |
| 000 | 00949nam 22002891 450 | |
| 001 | 0100006408 | |
| 005 | 20100812142840.17 | |
| 010 | @a978-7-300-07354-5@dCNY28.00 | |
| 100 | @a20100515d2006 em y0chiy0121 ea | |
| 101 | 0 | @achi |
| 102 | @aCN@b110000 | |
| 105 | @ay a 000yy | |
| 200 | 1 | @a中国法制史@Azhong guo fa zhi shi@f曾宪义主编@g郑定, 赵晓耕副主编 |
| 205 | @a第2版 | |
| 210 | @a北京@c中国人民大学出版社@d2006.12 | |
| 215 | @a368页@d24cm | |
| 225 | 2 | @a21世纪法学系列教材 |
| 320 | @a有书目 (第337-338页) | |
| 330 | @a全书以历史时序为经,每一王朝的法律思想、立法概况、主要法律制度为纬,对以中华法系为代表的中国传统法律文化进行了系统的论述。 | |
| 410 | 0 | @12001 @a21世纪法学系列教材 |
| 606 | 0 | @a法制史@y中国@x高等学校@x教材 |
| 690 | @aD929@v4 | |
| 701 | 0 | @a曾宪义@Aceng xian yi@4主编 |
| 702 | 0 | @a郑定@Azheng ding@4副主编 |
| 702 | 0 | @a赵晓耕@Azhao xiao geng@4副主编 |
| 801 | 0 | @aCN@c20100515 |
| 905 | @dD929@eZ0271=2@f5 | |
| 中国法制史/曾宪义主编/郑定, 赵晓耕副主编.-第2版.-北京:中国人民大学出版社,2006.12 |
| 368页;24cm.-(21世纪法学系列教材) |
| ISBN 978-7-300-07354-5:CNY28.00 |
| 全书以历史时序为经,每一王朝的法律思想、立法概况、主要法律制度为纬,对以中华法系为代表的中国传统法律文化进行了系统的论述。 |
| ● |
| 相关链接 |
|
|
|
正题名:中国法制史
索取号:D929/Z0271=2
 
预约/预借
| 序号 | 登录号 | 条形码 | 馆藏地/架位号 | 状态 | 备注 |
| 1 | 1025650 | 210256505 | 社科库509/509社科库 106排1列2层/ [索取号:D929/Z0271=2] | 在馆 | |
| 2 | 1025651 | 210256514 | 社科库509/509社科库 106排1列2层/ [索取号:D929/Z0271=2] | 在馆 | |
| 3 | 1025652 | 210256523 | 社科库509/509社科库 106排1列2层/ [索取号:D929/Z0271=2] | 在馆 | |
| 4 | 1025653 | 210256532 | 社科库509/422社科库 38排2列3层/ [索取号:D929/Z0271=2] | 在馆 | |
| 5 | 1025654 | 210256541 | 社科库509/509社科库 106排1列2层/ [索取号:D929/Z0271=2] | 在馆 |